[Event "Wiesbaden op 31st"]
[Site "Wiesbaden"]
[Date "2019.08.25"]
[Round "7"]
[White "Sturm, Holger"]
[Black "Kehrein, Lothar"]
[Result "1-0"]
[WhiteElo "1398"]
[BlackElo "958"]
[PlyCount "51"]
[EventDate "2019.08.22"]
[EventType "swiss"]
[EventRounds "7"]
[EventCountry "GER"]
[SourceTitle "EXT 2020"]
[Source "ChessBase"]
[SourceDate "2019.10.17"]
[SourceVersion "1"]
[SourceVersionDate "2019.10.17"]
[SourceQuality "1"]

1. d4 d5 2. c4 dxc4 3. Nc3 Nf6 4. Nf3 Nc6 5. e3 Bg4 6. Bxc4 e6 7. 0-0 Bd6 8. Be2 0-0 9. e4 Bxf3 10. Bxf3 Nxd4 11. Bg5 Nxf3+ 12. Qxf3 Qe7 13. Rfe1 Be5 14. Rad1 Rad8 15. Qh3 Rxd1 16. Rxd1 Rd8 17. Rf1 a6 18. f4 Bd4+ 19. Kh1 h6 20. Bh4 Bxc3 21. bxc3 Qc5 22. e5 Qc4 23. Kg1 g5 24. exf6 Qc5+ 25. Bf2 Qd5 26. Qxh6 1-0

[Event "Wiesbaden op 31st"]
[Site "Wiesbaden"]
[Date "2019.08.24"]
[Round "5"]
[White "Kehrein, Lothar"]
[Black "Treiber, Volker"]
[Result "0-1"]
[WhiteElo "958"]
[BlackElo "1633"]
[PlyCount "104"]
[EventDate "2019.08.22"]
[EventType "swiss"]
[EventRounds "7"]
[EventCountry "GER"]
[SourceTitle "EXT 2020"]
[Source "ChessBase"]
[SourceDate "2019.10.17"]
[SourceVersion "1"]
[SourceVersionDate "2019.10.17"]
[SourceQuality "1"]

1. e4 c5 2. Nf3 Nc6 3. Bb5 e6 4. 0-0 a6 5. Bxc6 bxc6 6. d4 d5 7. Ng5 h6 8. Nf3 Nf6 9. e5 Nh7 10. c3 cxd4 11. Nxd4 c5 12. Nf3 Be7 13. Be3 0-0 14. Nbd2 Bd7 15. Nb3 Ba4 16. Qd2 c4 17. Nc5 Bb5 18. a4 Bc6 19. a5 Bb5 20. Rfe1 Rc8 21. Na4 Bxa4 22. Rxa4 Bc5 23. Bxc5 Rxc5 24. Nd4 Qc7 25. b4 cxb3 26. Nxb3 Rxc3 27. Rc1 Rxc1+ 28. Nxc1 Rb8 29. Ra1 Nf8 30. Nd3 Nd7 31. h3 Rb5 32. f4 Qa7+ 33. Kh2 Qd4 34. Rc1 Nc5 35. Qc3 Qxc3 36. Rxc3 Nxd3 37. Rxd3 Rxa5 38. Rc3 g6 39. Rc8+ Kg7 40. Rc7 d4 41. Rd7 Rd5 42. Rc7 d3 43. Rc1 d2 44. Rd1 a5 45. Kg3 a4 46. Kf3 a3 47. Ke2 g5 48. g3 Kg6 49. Ke3 a2 50. Ke2 gxf4 51. gxf4 Kf5 52. Ke3 a1Q 0-1